Normal view
MARC view
- Mohan, Ned Undeland, Tore M Robbins, William P
Entry Personal Name
001 - CONTROL NUMBER
- control field: 58040
003 - CONTROL NUMBER IDENTIFIER
- control field: NUST
005 - DATE AND TIME OF LATEST TRANSACTION
- control field: 20210628202039.0
008 - FIXED-LENGTH DATA ELEMENTS
- fixed length control field: 210628|| aca||aabn | a|a d
040 ## - CATALOGING SOURCE
- Original cataloging agency: NUST
- Transcribing agency: NUST
100 ## - HEADING--PERSONAL NAME
- Personal name: Mohan, Ned Undeland, Tore M Robbins, William P
670 ## - SOURCE DATA FOUND
- Source citation: Work cat.: (NUST): Mohan, Ned Undeland, Tore M Robbins, William P, Power electronics, converters, applications, and design, 1995
